00537nam a22001457a 4500003000500000082001700005100002700022245004900049260002700098300001200125650005200137942002600189999001900215952015700234NUST a891.4392,HIJ aHijazi, Naseem 951835 aShaheen / شاہین (Urdu) /cNaseem Hijazi aLahorebJahanger Books a527 p.; aUrdu LiteraturexNovel Badr bin Mughira9110188 2ddccBKk891.4392,HIJ c592911d592911 00102ddc4070aMCSbMCScGENd2023-01-06j2l5o891.4392,HIJpMCS38256q2025-12-09r2025-08-11s2025-08-11w2023-01-06yBKzAlmirah No.66, Shelf No.2